[Event "Olongapo City Puregold op-B"]
[Site "Olongapo City"]
[Date "2015.11.18"]
[Round "4"]
[White "Bautista, Joshua"]
[Black "Morado, Jeth Romy"]
[Result "1/2-1/2"]
[WhiteElo "2037"]
[BlackElo "2065"]
[PlyCount "76"]
[EventDate "2015.11.17"]
[EventType "swiss"]
[EventRounds "9"]
[EventCountry "PHI"]
[SourceTitle "EXT 2017"]
[Source "ChessBase"]
[SourceDate "2016.10.25"]
[SourceVersion "1"]
[SourceVersionDate "2016.10.25"]
[SourceQuality "1"]

1. e4 e6 2. d4 d5 3. Nc3 Bb4 4. e5 c5 5. Bd2 Ne7 6. Nb5 Bxd2+ 7. Qxd2 0-0 8. f4 Nf5 9. dxc5 Nd7 10. b4 f6 11. Nf3 fxe5 12. fxe5 a5 13. c3 axb4 14. cxb4 Nxe5 15. Nxe5 Qh4+ 16. Kd1 Ng3 17. Kc2 Nxh1 18. Nf3 Qf2 19. a4 Bd7 20. a5 Rf4 21. Qxf2 Nxf2 22. Kb3 Ne4 23. Nc3 Nxc3 24. Kxc3 Kf7 25. b5 Kf6 26. c6 bxc6 27. b6 Bc8 28. a6 c5 29. Bb5 Bxa6 30. Rxa6 Rxa6 31. Bxa6 Rb4 32. b7 Rb6 33. Nd4 cxd4+ 34. Kxd4 g5 35. g4 h5 36. h3 hxg4 37. hxg4 Rxa6 38. b8Q Ra4+ 1/2-1/2